Quick And Easy Way To Effective Speaking (Record no. 300303)

MARC details
000 -LEADER
fixed length control field 00408nam a2200157Ia 4500
008 - FIXED-LENGTH DATA ELEMENTS--GENERAL INFORMATION
fixed length control field 230718s9999 xx 000 0 und d
041 ## - LANGUAGE CODE
Language code of text/sound track or separate title eng
082 ## - DEWEY DECIMAL CLASSIFICATION NUMBER
Classification number 321.82
Item number CAR
100 ## - MAIN ENTRY--PERSONAL NAME
Personal name Carnegie D.
9 (RLIN) 106261
245 ## - TITLE STATEMENT
Title Quick And Easy Way To Effective Speaking
260 ## - PUBLICATION, DISTRIBUTION, ETC. (IMPRINT)
Date of publication, distribution, etc. 1997
Name of publisher, distributor, etc. Cedar
300 ## - PHYSICAL DESCRIPTION
Extent 272
365 ## - TRADE PRICE
Currency code Rs.
Price amount 144.00
700 ## - ADDED ENTRY--PERSONAL NAME
Personal name Carnegie D.
9 (RLIN) 106261
906 ## - LOCAL DATA ELEMENT F, LDF (RLIN)
d B:416505-May-2000
c OTH
b 21.6
Holdings
Withdrawn status Lost status Damaged status Not for loan Home library Current library Date acquired Vendor Budget Code Cost, normal purchase price Bill number Total Checkouts Full call number Barcode Date last seen Discount Cost, replacement price Bill Date Koha item type Original Barcode
        Cummins College of Engineering for Women Pune Cummins College of Engineering for Women Pune 07/06/2000 Tbs OTH 122.40 4165   321.82 CCEP-BK-11509 18/07/2023 21.6 144.00 05/05/2000 Books 011509